• 首页
  • 本馆介绍
  • 公告通知
  • 最新文献
  • 馆藏检索
  • 电子资源
  • 读者导购
  • 参考咨询
  • 我的图书馆
  • 登录
  • 详细信息显示
  • 放入我的书架
  • 预约/预借图书
  • 作者相关作品
  • 分类相关作品
  • 丛书相关作品
  • 出版社相关作品

书目信息

  • 表格格式
  • 工作单格式
  • 卡片格式
题名:
词典学词典
    
 
作者: Hartmann R.R.K. , James Gregory 著 ;张柏然 导读
分册:  
出版信息: 北京   外语教学与研究出版社  2000
页数: 25,181页
开本: 23cm
丛书名: 当代国外语言学与应用语言学文库
单 册:
中图分类: H06-61
科图分类:
主题词: 词典学--词典--英文 , 词典学
电子资源:
ISBN: 7-5600-2034-8
000 01265nam0 2200337 450
000 01287nam0 2200337 450
000 01218nam0 2200313 450
000 01182oam2 2200301 45
005 20070805084041.84
010    @a7-5600-2034-8@dCNY16.90
100    @a20070801d2000 em y0chiy0120 ea
101 1  @achi@ceng
102    @aCN@b110000
105    @ay z 000yy
200 1  @a词典学词典@ACi Dian Xue Ci Dian@fR.R.K.Hartmann,Gregory James著@FR.R.K.Hartmann,Gregory James Zhu@g张柏然导读
210    @a北京@c外语教学与研究出版社@d2000
215    @a25,181页@d23cm
225 2  @a当代国外语言学与应用语言学文库
305    @a由泰勒·弗朗西斯出版集团授权出版
306    @a与劳特利奇出版社合作出版
330    @a本书收录2000余个条目,按字母顺序排列,涉及的主要范畴有:词典学理论与实践、词典史、词典类型研究、词典的结构与使用、语言资料的收集、词典编纂计算机化等,概括地反映了词典学发展的脉络与最新动态。
410  0 @12001 @a当代国外语言学与应用语言学文库
510 1  @aDictionary of Lexicography@zeng
606 0  @a词典学@x词典@x英文
606 0  @a词典学
690    @aH06-61@v4
701  1 @aHartmann R.R.K.@4著
701  1 @aJames Gregory@4著
702  0 @a张柏然@AZhang Bai Ran@4导读
801  0 @aCN@bTAOJIN@c20070805
905    @a10447@dH06-61@e173
    
    词典学词典/R.R.K.Hartmann,Gregory James著/张柏然导读.-北京:外语教学与研究出版社,2000
    25,181页;23cm.-(当代国外语言学与应用语言学文库 )
    
    
    ISBN 7-5600-2034-8:CNY16.90
    本书收录2000余个条目,按字母顺序排列,涉及的主要范畴有:词典学理论与实践、词典史、词典类型研究、词典的结构与使用、语言资料的收集、词典编纂计算机化等,概括地反映了词典学发展的脉络与最新动态。
●
相关链接 在E读中查询图书 在五车中查询图书 在当当中查询图书 在豆瓣中查询图书


正题名:词典学词典     索取号:H06-61/173         预约/预借

序号 登录号 条形码 馆藏地/架位号 状态 备注
1 0828282   208282829   第二样本阅览室/ [索取号:H06-61/173] 在馆    
2 0828283   208282838   第四借阅区/ [索取号:H06-61/173] 在馆    
3 0828284   208282847   第四借阅区/ [索取号:H06-61/173] 在馆    
4 0828285   208282856   第四借阅区/ [索取号:H06-61/173] 在馆    
5 0828286   208282865   第四借阅区/ [索取号:H06-61/173] 在馆    
唐山师范学院图书馆 欢迎您!
大连网信软件有限公司© 版权所有